Statistics for Spirited Away

Click here to take the quiz!

General Stats

  • This quiz has been taken 107 times
  • The average score is 16 of 26

Answer Stats

HintAnswer% Correct
What do Chihiro's parents turn into after eating the food of the spirits?Pigs
99%
Which character accidently enters the spirit world?Chihiro
97%
Who is the witch that runs the bathhouse?Yubaba
95%
Which character can transform into a dragon?Haku
93%
When was the film released?2001
87%
Where do the spirits go to relax and replenish themselves?The Bathhouse
87%
What monster does Chihiro let into the bathhouse?A No-face
85%
What is the name of the boiler man?Kamaji
85%
Who is Yubaba's twin sister?Zeniba
85%
Who is assigned to look after Chihiro?Lin
80%
The above's first victim resembles what pond-dwelling creature?Frog
74%
Yubaba steals Chihiro's name. What does she change it to?Sen
74%
Who directed the film?Hayao Miyazaki
70%
What is Haku's real name?Kohaku River
63%
Chihiro's first customer was thought to be a stink spirit. What was it really?River spirit
49%
What enchanted substance does the boiler man use to shovel coal?Soot
48%
How long had Kamaji been saving his train tickets?40 Years
42%
What must Chihiro do to stay at the Bathhouse?Get a job
38%
What (food?) item does Kamaji use to tempt Lin?Roasted newt
37%
Who does Chihiro share an elevator with on her way to meet Yubaba?The Radish Spirit
37%
What does Haku steal from Yubaba's twin sister?Her gold seal
35%
What does Lin feed Kamaji's workers?Sugar stars / sprinkles
33%
Fill in this quote: "Finish what you started, _____."Human
26%
Who composed the soundtrack?Joe Hisaishi
26%
Where does Zeniba live?Swampbottom
23%
Yubaba uses her cloak to transform into a bird-like creature. What is the creature called?Harpy
3%

Score Distribution

Percentile by Number Answered

Percent of People with Each Score

Your Score History

You have not taken this quiz